000
00440nam a2200145Ia 4500
008
100204s9999 xx 000 0 und d
082
_b
18185
100
_a
राजे नयना
245
_a
अनोख्या वाटा
260
_b
नवचैतन्य प्रकाशन
_c
1995
300
_a
191
630
_a
अनोख्या वाटा
730
_a
अनोख्या वाटा
942
_c
BOOK
999
_c
462608
_d
462605